Lord of the Mysteries - The Visionary Pathway - Statistics

General Stats
  • This quiz has been taken 111 times
  • The average score is 7 of 10
Answer Stats
Sequence Number Name of Potion % Correct
Sequence 0 The Visionary
96%
Sequence 9 Spectator
95%
Sequence 1 Author
80%
Sequence 7 Psychiatrist
73%
Sequence 6 Hypnotist
72%
Sequence 5 Dreamwalker
70%
Sequence 3 Dream Weaver
68%
Sequence 4 Manipulator
65%
Sequence 8 Telepathist
61%
Sequence 2 Discerner
51%
No matching quizzes found
Score Distribution
Percent of People with Each Score
Percentile by Number Answered
Your Score History
You have not taken this quiz